|
|
แสดงรายละเอียดบรรณานุกรม |
|
|
Brief Record
: Get Marc (ISO 2709)
: E-mail record
: |
|
|
| LEADER 00000nama 2200000uu 4500 | |||
| 001 189984 | |||
| 003 ULIBM | |||
| 008 040531s|||| th m m a000 0 tha d | |||
| 041 tha | |||
| 050 WE168 ป289อ | |||
| 100 ประนอม พรหมลักษณ์ | |||
| 245 เอกสารประกอบการสอนการพยาบาลผู้ป่วยที่มีปัญหาของระบบกล้ามเนื้อ กระดูกและข้อ | |||
| 246 ข้อ - การพยาบาลผู้ป่วย | |||
| 260 ขอนแก่น วพบ.ขอนแก่น 254- | |||
| 300 163 หน้า | |||
| 650 กระดูกและข้อ - การพยาบาล | |||
| 998 2003-09-29 | |||
| 999 ^aใช้งานได้ทุกระบบ | |||
| คุณยังไม่ได้ล็อกอิน คุณสามารถมีกิจกรรมร่วมกับเว็บไซต์ได้ แต่ต้องล็อกอินก่อน :: |
|
| สถานะ | |||||||||
| 1. | หนังสือทั่วไป | WE168 ป289อ | On Shelf ขอยืม | ||||||
| 2. | หนังสือทั่วไป | WE168 ป289อ | On Shelf ขอยืม | ||||||
| 3. | หนังสือทั่วไป | WE168 ป289อ | On Shelf ขอยืม | ||||||
| 4. | หนังสือทั่วไป | WE168 ป289อ | On Shelf ขอยืม | ||||||
| [แสดง 4/4 รายการ] | |||||||||
BibComment |
| คอมเมนท์ทรัพยากรรายการนี้ |
|
|